Zemplénvármegye tisztujitó közgyülése

Správa o uskutočnení valného župného zhromaždenia v Sátorljaujhely 11. 12. 1907, ktorého predmetom boli voľby. Na novovytvorené miesto hlavného slúžneho do Medzilaboriec bol vymenovaný gróf Viktor Hoyos, do funkcie slúžneho tamtiež bol menovaný Gejza (Géza) Zombory. Alexander (Sándor) Dick advokát z...

Celý popis

Podrobná bibliografia
Médium: Článok
Jazyk:Hungarian
Témy:
Zdroj: 1. Homonna és Vidéke : Vegyes tartalmu közmüvelődési, szépirodalmi és közgazdasági hetilap 1. Roč. 7, č. 51 (19.12.1907) s. 2
LEADER 01682nab#a2200361#ar4500
001 000073548
003 SVKKK
005 20091102101825.0
008 080512d1906 xo |||||||||||||||b|hun
FMT
038 |a SVKKK 
040 |a SVKKK  |b slo  |e AACR2 
041 0 |a hun 
044 |a xo  |c SK 
080 |a 353  |2 1997 
242 1 0 |a Valné zhromaždenie volieb v Zemplínskej župy  |y slo 
245 1 0 |a Zemplénvármegye tisztujitó közgyülése 
500 |a mikrofilm 
520 2 |a Správa o uskutočnení valného župného zhromaždenia v Sátorljaujhely 11. 12. 1907, ktorého predmetom boli voľby. Na novovytvorené miesto hlavného slúžneho do Medzilaboriec bol vymenovaný gróf Viktor Hoyos, do funkcie slúžneho tamtiež bol menovaný Gejza (Géza) Zombory. Alexander (Sándor) Dick advokát z Humenného opätovne bol vymenovaný do funkcie župného tabulárneho hlavného štátneho zástupcu 
650 0 4 |a Dick, Alexander (právnik, novinár, politik) - Humenné - pôsobenie - župný tabulárny právny zástupca - vymenovanie úradné - správy 
650 0 4 |a predstavenstvo župné - voľby - Sátoraljaujhely (HU) - 11.12.1907 
650 0 4 |a úrad slúžnovský, Medzilaborce - obsadenie personálne - hlavný slúžny (funkcia) - Hoyos, Viktor (gróf) - slúžny (funkcia) - Zombory, Gejza (slúžny) 
655 4 |a hungariká 
773 0 |t Homonna és Vidéke : Vegyes tartalmu közmüvelődési, szépirodalmi és közgazdasági hetilap  |g Roč. 7, č. 51 (19.12.1907) s. 2 
957 |a Humenné 
957 |a Medzilaborce 
957 |a Sátoralajujhely 
958 |a DG 
958 |a HU 
974 |a Ba 
992 |a RBX 
BAS
998 |a RETRO